000
00206 a2200097 4500
001
48479
100
_a
Flemming, N.C
245
_a
The under sea
260
_a
New York
_b
Macmillan
_c
090
_c
31415
_d
31415
942
_a
NUST-CAE
_c
M
_c
23798
999
_c
283552
_d
283552